Las orquídeas de Santa María (Boyacá, Colombia) / (Registro nro. 19134)

Detalles MARC
000 -CABECERA
Campo de control 00949nam a2200217 a 4500
005 - FECHA Y HORA DE LA ULTIMA TRANSACCION
Campo de control 20191217042632.0
008 - ELEMENTOS DE LONGITUD FIJA—INFORMACION GENERAL
Campo de control 161123s2011 ck ao|||r|||| 00| 0 spa d
040 ## - FUENTE DE CATALOGACIÓN
Agencia catalogadora original CO-BoIAVH
Agencia transcriptora CO-BoIAVH
041 0# - IDIOMA
Código de idioma para texto/pista de sonido o título separado Español
044 ## - PAÍS DE PUBLICACIÓN
País de publicación Colombia
090 ## - CLASIFICACIÓN LOCAL
Colección FG-
Consecutivo 0096
100 1# - ASIENTO PRINCIPAL--NOMBRE PERSONAL
Nombre personal Giraldo, Giovanny
Término relacionado autor
9 (RLIN) 23206
245 14 - MENCION DE TITULO
Título Las orquídeas de Santa María (Boyacá, Colombia) /
Mención de responsabilidad Giovanny Giraldo y Julio Bertancur
260 ## - PUBLICACION, DISTRIBUCION, ETC. (PIE DE IMPRENTA)
Lugar de publicación, distribución, etc. Bogotá, Colombia :
Nombre del editor, distribuidor, etc. Instituto de Ciencias Naturales, Universidad Nacional de Colombia,
Fecha de publicación, distribución, etc. 2011.
300 ## - DESCRIPCION FISICA
Extensión 1 folleto plegable :
Otros detalles físicos ilustraciones a color y fotografías a color ;
Dimensiones 21 x 10 cm.
490 0# - MENCION DE SERIE
Mención de serie Serie miniguías de campo del Instituto de Ciencias Naturales ;
Designación numérica/secuencial del volumen No. 13
650 24 - ASIENTO SECUNDARIO DE MATERIA - TERMINO TEMATICO
Término temático o nombre geográfico como elemento de entrada Orquídeas
Subdivisión general taxonomía
Subdivisión geográfica Santa María (Boyacá, Colombia)
Subdivisión de forma Guías
9 (RLIN) 77279
650 24 - ASIENTO SECUNDARIO DE MATERIA - TERMINO TEMATICO
Término temático o nombre geográfico como elemento de entrada Orquídeas
Subdivisión general identificación
Subdivisión geográfica Santa María (Boyacá, Colombia)
Subdivisión de forma Guías
9 (RLIN) 77280
700 1# - ASIENTO SECUNDARIO - NOMBRE PERSONAL
Nombre personal Betancur, Julio
Término de relación autor
9 (RLIN) 4620
942 ## - ELEMENTOS ADICIONALES (KOHA)
Sistema de clasificación Local
Tipo de ítem Folleto
Existencias
Withdrawn status Lost status Sistema de Clasificación Damaged status No para préstamo Colección Inventariado Ubicación Permanente Ubicación actual Fecha de adquisición Total Checkouts Número topográfico Inventario / Código de Barras Date last seen Ejemplar Price effective from Forma de adquisición Tipo de material
    Local     Hemeroteca Inventariado 2017 Bogotá Bogotá 23/11/2016   FG-0096 040822 23/11/2016 Ej. 1 23/11/2016 Donación Folleto
    Local     Hemeroteca Inventariado 2017 Bogotá Bogotá 10/08/2017   FG-0096 041636 10/08/2017 Ej. 2 10/08/2017 Donación Folleto